Velký průvodce SEO jak dosáhnout nejlepších pozic ve vyhledávačích

Enregistré dans:
Détails bibliographiques
Auteur principal: Kubíček, Michal
Format: Livre
Langue:tchèque
Publié: Brno Computer Press, a. s. 2010
Édition:1. vyd.
Sujets:
Tags: Ajouter un tag
Pas de tags, Soyez le premier à ajouter un tag!

MARC

LEADER 00000nam a2200000 4500
001 0144122
005 20240229082112.4
020 |a 978-80-251-2195-5 
041 0 |a cze 
044 |a CZ 
245 1 0 |a Velký průvodce SEO  |b jak dosáhnout nejlepších pozic ve vyhledávačích  |c Michal Kubíček 
250 |a 1. vyd. 
264 1 |a Brno  |b Computer Press, a. s.  |c 2010 
300 |a 318 s.  |e CD-ROM 
610 2 0 |a marketing 
610 2 0 |a reklama 
610 2 0 |a stránky webové 
610 2 0 |a programovanie 
100 1 |a Kubíček, Michal